[Event "61st World Juniors 2024"]
[Site "Gandhinagar IND"]
[Date "2024.06.04"]
[Round "3.24"]
[White "Mishra, Abhimanyu"]
[Black "Guru Prakash"]
[Result "1-0"]
[WhiteTitle "GM"]
[WhiteElo "2627"]
[BlackElo "1817"]
[WhiteFideId "30920019"]
[BlackFideId "25138316"]
[EventDate "2024.06.02"]

1. e4 c5 2. Nf3 e6 3. d4 cxd4 4. Nxd4 a6 5. c4 Nf6 6. Nc3 Bb4 7. Qd3 d5 8. exd5
exd5 9. Be2 O-O 10. O-O Nc6 11. Nxd5 Nxd5 12. Nxc6 bxc6 13. cxd5 Qxd5 14. Qg3
Bd6 15. Bf4 Bxf4 16. Qxf4 Be6 17. Rfc1 Qd7 18. b3 a5 19. Bf3 Bd5 20. Rc5 a4 21.
b4 a3 22. Rd1 Rfd8 23. h3 Qe6 24. Bxd5 cxd5 25. Qd4 g6 26. Rxd5 Rxd5 27. Qxd5
Qxd5 28. Rd3 Qd4 29. Rxd4 Rc8 30. Rd3 Rc1+ 31. Kh2 Rb1 32. Rxa3 Rxb4 33. Rb3 Rc4
34. Kg3 g5 35. Kf3 Kg7 36. Ke3 Rc2 37. a4 Ra2 38. Rb4 Ra3+ 39. Kd4 Ra2 40. Kc3
h5 41. Kb3 Rxf2 42. a5 Rxg2 43. a6 Rg1 44. Ka2 Re1 45. a7 Re2+ 46. Rb2 Re8 47.
Rb8 Re2+ 48. Kb3 Re3+ 49. Kc4 Ra3 50. a8=Q Rxa8 51. Rxa8 Kf6 52. Kd4 Kf5 53. Ke3
g4 54. Ra5+ Kg6 55. h4 f5 1-0

[Event "61st World Juniors 2024"]
[Site "Gandhinagar IND"]
[Date "2024.06.04"]
[Round "3.25"]
[White "Bharadia Yash"]
[Black "Avila Pavas, Santiago"]
[Result "0-1"]
[WhiteTitle "CM"]
[BlackTitle "GM"]
[WhiteElo "2100"]
[BlackElo "2495"]
[WhiteFideId "45087822"]
[BlackFideId "4437128"]
[EventDate "2024.06.02"]

1. e4 c6 2. d4 d5 3. e5 Bf5 4. h4 h5 5. Bd3 Bxd3 6. Qxd3 Qa5+ 7. Nd2 e6 8. Nf3
Qa6 9. c4 Bb4 10. O-O Ne7 11. Rd1 c5 12. Qb1 cxd4 13. cxd5 Nxd5 14. Ne4 Nc6 15.
Bg5 Be7 16. Bxe7 Kxe7 17. Qc1 Qb6 18. Qg5+ Kf8 19. Rac1 Rh6 20. Ng3 Rd8 21. Nxh5
Rg6 22. Qd2 Ne3 23. fxe3 dxe3 24. Qe2 Rd2 25. Rxc6 Rxg2+ 26. Qxg2 Rxg2+ 27. Kxg2
Qxb2+ 28. Kg3 bxc6 29. Re1 Qf2+ 30. Kf4 Qxa2 31. Rxe3 a5 32. Rd3 Qb1 33. Ke3 a4
34. Rd7 a3 35. Ng5 Qe1+ 36. Kf3 Qf1+ 37. Kg3 a2 38. Nf6 gxf6 39. exf6 Qg1+ 40.
Kf3 Qf1+ 41. Kg3 Ke8 42. Re7+ Kd8 43. Nxf7+ Kc8 44. Nd6+ Kb8 45. f7 a1=Q 0-1

[Event "61st World Juniors 2024"]
[Site "Gandhinagar IND"]
[Date "2024.06.04"]
[Round "3.26"]
[White "Srihari, L R"]
[Black "Mizzi, Jack"]
[Result "1-0"]
[WhiteTitle "IM"]
[BlackTitle "CM"]
[WhiteElo "2495"]
[BlackElo "2051"]
[WhiteFideId "46617116"]
[BlackFideId "5602521"]
[EventDate "2024.06.02"]

1. Nf3 Nf6 2. c4 e6 3. Nc3 d5 4. e3 Be7 5. b3 O-O 6. Bb2 c5 7. cxd5 exd5 8. d4
Nc6 9. Be2 Bg4 10. dxc5 Bxc5 11. O-O Re8 12. Rc1 Bf8 13. h3 Bh5 14. Nh4 Bxe2 15.
Nxe2 Ne4 16. Nf3 Bc5 17. Ned4 Rc8 18. a3 a5 19. Qd3 f6 20. Rfd1 Qb6 21. Rc2 Rcd8
22. Rdc1 Ne5 23. Nxe5 fxe5 24. Nf3 Qd6 25. Bxe5 Rxe5 26. Nxe5 Qxe5 27. Rxc5 Nxc5
28. Rxc5 b6 29. Rc3 Qd6 30. a4 Qb4 31. Rc1 h6 32. Qc3 Qd6 33. Rd1 Qc5 34. Qd4
Qc2 35. Qd3 Qc5 36. Rd2 Qc1+ 37. Kh2 Qc7+ 38. g3 Qf7 39. Kg2 Kh8 40. Qd4 Qh5 41.
Qxb6 Rf8 42. Qc5 Qf3+ 43. Kh2 Rf5 44. Qxa5 h5 45. Qb4 Kh7 46. Qd4 h4 47. Qxh4+
Rh5 48. Qf4 Rxh3+ 49. Kxh3 Qh1+ 50. Kg4 Kg6 51. Qf5+ 1-0

[Event "61st World Juniors 2024"]
[Site "Gandhinagar IND"]
[Date "2024.06.04"]
[Round "3.27"]
[White "Koelle, Tobias"]
[Black "Bhoir Paras Dilip"]
[Result "1-0"]
[WhiteTitle "IM"]
[WhiteElo "2470"]
[BlackElo "2016"]
[WhiteFideId "16207378"]
[BlackFideId "25763695"]
[EventDate "2024.06.02"]

1. d4 d5 2. c4 e6 3. Nf3 Nf6 4. Nc3 c6 5. Bg5 dxc4 6. e4 b5 7. e5 h6 8. Bh4 g5
9. Nxg5 hxg5 10. Bxg5 Nbd7 11. exf6 Bb7 12. g3 c5 13. d5 Qb6 14. Bg2 O-O-O 15.
O-O b4 16. Re1 bxc3 17. bxc3 Qa6 18. dxe6 fxe6 19. Bxb7+ Qxb7 20. Rb1 Nb6 21.
Qg4 Qh7 22. Qxe6+ Kc7 23. h4 Bd6 24. f7 Rd7 25. Rbd1 Nc8 26. Bf4 Rhd8 27. Bxd6+
Nxd6 28. Rxd6 Rxd6 29. Qe7+ R6d7 30. Qxc5+ Kb7 31. Qb4+ Ka8 32. f8=Q Rxf8 33.
Qxf8+ Kb7 34. Qb4+ Kc8 35. Re8+ Rd8 36. Rxd8+ Kxd8 37. Qb8+ Kd7 38. Qxa7+ Kc6
39. Qxh7 Kb5 40. h5 Kc5 41. Qf5+ Kd6 42. h6 Ke7 43. Qg6 Kd7 44. h7 Ke7 45. h8=R
Kd7 46. Rh7+ Kd8 47. Qg8# 1-0

[Event "61st World Juniors 2024"]
[Site "Gandhinagar IND"]
[Date "2024.06.04"]
[Round "3.28"]
[White "Radojicic, Aleksandar M"]
[Black "Stribuk, Artiom"]
[Result "0-1"]
[BlackTitle "IM"]
[WhiteElo "2088"]
[BlackElo "2422"]
[WhiteFideId "979694"]
[BlackFideId "13515659"]
[EventDate "2024.06.02"]

1. d4 Nf6 2. Nf3 g6 3. g3 d5 4. Bg2 c6 5. O-O Bg7 6. Nbd2 O-O 7. c3 Bg4 8. h3
Bf5 9. Re1 Nbd7 10. Nh4 Be6 11. e4 Nxe4 12. Nxe4 dxe4 13. Rxe4 Bd5 14. Re1 e6
15. Nf3 c5 16. Be3 Qb6 17. b3 Rad8 18. Qe2 Qa5 19. Rac1 cxd4 20. Bxd4 e5 21. b4
Qa3 22. Nxe5 Nxe5 23. Bxe5 Rfe8 24. f4 Bxe5 25. fxe5 Bxg2 26. Kxg2 Rd5 27. Rc2
Qa4 28. Rd2 Rdxe5 29. Qxe5 Rxe5 30. Rxe5 Qc6+ 31. Red5 Qxc3 32. R5d4 b5 33. Kh2
a6 34. R2d3 Qe1 35. Rd2 Kg7 36. Kg2 Qe3 37. Kh2 g5 38. R4d3 Qe1 39. a3 h5 40.
Rg2 Qe5 41. Kg1 Qf5 42. Rd6 Qxh3 43. Rxa6 h4 44. gxh4 Qe3+ 45. Kf1 Qd3+ 46. Kg1
Qd4+ 47. Kf1 g4 48. h5 Qd1+ 49. Kf2 Qf3+ 50. Kg1 g3 51. Rd6 Qe3+ 52. Kh1 Qc1+
53. Rg1 Qf4 54. Rdd1 Qf3+ 0-1

[Event "61st World Juniors 2024"]
[Site "Gandhinagar IND"]
[Date "2024.06.04"]
[Round "3.29"]
[White "Srihari, L"]
[Black "Singh, Siddharth"]
[Result "1-0"]
[WhiteTitle "IM"]
[WhiteElo "2400"]
[BlackElo "2050"]
[WhiteFideId "46642056"]
[BlackFideId "39907023"]
[EventDate "2024.06.02"]

1. e4 e6 2. d4 d5 3. e5 c5 4. c3 Nc6 5. Nf3 Bd7 6. Be2 f6 7. O-O fxe5 8. Nxe5
Nxe5 9. dxe5 Qc7 10. Re1 O-O-O 11. a4 Ne7 12. Bf1 Nf5 13. Na3 a6 14. c4 d4 15.
Nb5 Qb8 16. g4 Nh4 17. Bg5 Ng6 18. b4 h6 19. Bxd8 Kxd8 20. Nxd4 cxd4 21. Qxd4
Bxb4 22. Qb6+ Qc7 23. Qxb4 Nxe5 24. Qc3 Nxg4 25. Qg3 Qxg3+ 26. hxg3 Nf6 27. Rab1
Kc7 28. Bg2 Bc8 29. a5 Re8 30. Bh3 e5 31. Bxc8 Kxc8 32. Rb6 e4 33. c5 Nd7 34.
Rb4 Nf6 35. c6 bxc6 36. Rb6 Kc7 37. Rc1 Re6 38. Rxa6 Kb7 39. Rb6+ Kc7 40. Rcb1
Re5 41. Rb7+ Kd6 42. Ra1 Ne8 43. a6 Nc7 44. Rxc7 Kxc7 45. a7 e3 46. a8=Q exf2+
47. Kxf2 Rf5+ 48. Kg2 Rg5 49. Ra7+ Kd6 50. Qd8+ Ke5 51. Re7+ Kf5 52. Qd3+ Kf6
53. Qd6+ Kf5 54. Qe6# 1-0

[Event "61st World Juniors 2024"]
[Site "Gandhinagar IND"]
[Date "2024.06.04"]
[Round "3.30"]
[White "Oluka Robert Mcligeyo"]
[Black "Ozenir, Ekin Baris"]
[Result "0-1"]
[BlackTitle "IM"]
[WhiteElo "2050"]
[BlackElo "2390"]
[WhiteFideId "10814647"]
[BlackFideId "6357415"]
[EventDate "2024.06.02"]

1. e4 c5 2. Nf3 Nc6 3. Bb5 e6 4. Bxc6 bxc6 5. d3 d5 6. Nbd2 Nf6 7. e5 Nd7 8. O-O
Be7 9. Re1 O-O 10. Nf1 a5 11. a4 Ba6 12. Ng3 c4 13. Nd4 Qc7 14. Qg4 g6 15. Bh6
cxd3 16. Bxf8 Bxf8 17. Qf4 c5 18. Nf3 dxc2 19. Rac1 Bd3 20. Ng5 Nb6 21. Re3 c4
22. Rf3 Bg7 23. Qh4 h6 24. Nxf7 Rf8 25. Nxh6+ Bxh6 26. Qxh6 Rxf3 27. gxf3 Qxe5
28. Qh4 Qd6 29. Qg5 Nd7 30. Qd8+ Kf7 31. Qxa5 Qf4 32. Qe1 Nc5 33. a5 Nb3 34. a6
Qxc1 35. Qxc1 Nxc1 36. a7 Ne2+ 37. Nxe2 Bxe2 38. a8=Q c1=Q+ 39. Kg2 Qg5+ 0-1

[Event "61st World Juniors 2024"]
[Site "Gandhinagar IND"]
[Date "2024.06.04"]
[Round "3.31"]
[White "Tleukhanov, Yerlan"]
[Black "De Silva, L M S T"]
[Result "0-1"]
[BlackTitle "IM"]
[WhiteElo "2025"]
[BlackElo "2364"]
[WhiteFideId "13749692"]
[BlackFideId "9953698"]
[EventDate "2024.06.02"]

1. e4 e5 2. Nf3 Nc6 3. Bb5 a6 4. Ba4 Nf6 5. O-O d6 6. c3 Bd7 7. d4 g6 8. Re1 Bg7
9. Nbd2 b5 10. Bb3 O-O 11. h3 Nh5 12. Nf1 Na5 13. Bc2 Nc4 14. b3 Nb6 15. a4 bxa4
16. bxa4 a5 17. Bb3 Nf4 18. Bxf4 exf4 19. e5 d5 20. Qd2 Bh6 21. N1h2 Qc8 22. h4
Bg4 23. Ng5 Bxg5 24. hxg5 Qf5 25. f3 Bh5 26. Bc2 Nc4 27. Bxf5 Nxd2 28. Bd7 Rfd8
29. Bc6 Rab8 30. e6 fxe6 31. Rxe6 Nb1 32. Rf6 Rb2 33. Rxf4 Nxc3 34. Bb5 Rxb5 35.
axb5 Ne2+ 36. Kf2 Nxf4 37. g4 Re8 38. gxh5 Re2+ 39. Kg3 Nxh5+ 40. Kh3 Nf4+ 41.
Kg3 Nh5+ 42. Kh3 Rb2 43. Rxa5 Nf4+ 44. Kg4 Ne6 45. Kg3 Nxd4 46. b6 c6 47. Kf4
Rxb6 48. Ke5 Nb5 49. Ke6 d4 50. Ng4 Rb8 51. Ne5 Re8+ 52. Kf6 Nc7 53. Nxg6 Re6+
54. Kf5 hxg6+ 0-1

[Event "61st World Juniors 2024"]
[Site "Gandhinagar IND"]
[Date "2024.06.04"]
[Round "3.32"]
[White "Sriansh Das"]
[Black "Sanket, Chakravarty"]
[Result "0-1"]
[BlackTitle "IM"]
[WhiteElo "2016"]
[BlackElo "2357"]
[WhiteFideId "45030081"]
[BlackFideId "25032038"]
[EventDate "2024.06.02"]

1. e4 c5 2. Nf3 Nc6 3. d4 cxd4 4. Nxd4 Nf6 5. Nc3 d6 6. Bg5 e6 7. Qd2 a6 8. f4
Be7 9. O-O-O Bd7 10. Kb1 h6 11. Bxf6 Bxf6 12. Nb3 Be7 13. g4 b5 14. Qe3 Qc7 15.
Bd3 Qa7 16. Qxa7 Rxa7 17. Ne2 g5 18. f5 Ne5 19. h3 h5 20. gxh5 exf5 21. exf5
Nxd3 22. cxd3 Rxh5 23. Ng3 Rh4 24. Rdf1 Bc6 25. Rh2 Bf6 26. Re1+ Re7 27. Rhe2
Rxe2 28. Nxe2 Kd7 29. Ng1 Rf4 30. Nd2 Rxf5 31. Kc2 Be5 32. Ne4 Bxe4 33. dxe4
Rf2+ 34. Re2 Rf1 35. Rg2 f6 36. b3 Kc6 37. Kd3 Kc5 38. Kc2 Kb4 39. Kd3 Ka3 40.
Ke3 a5 41. Ne2 Ra1 42. Nd4 Bxd4+ 43. Kxd4 Rxa2 44. Rg3 Rd2+ 45. Kc3 Rb2 0-1

[Event "61st World Juniors 2024"]
[Site "Gandhinagar IND"]
[Date "2024.06.04"]
[Round "3.33"]
[White "Sharon, Rafael"]
[Black "Aswath, S"]
[Result "0-1"]
[BlackTitle "IM"]
[WhiteElo "2015"]
[BlackElo "2352"]
[WhiteFideId "74601580"]
[BlackFideId "46694919"]
[EventDate "2024.06.02"]

1. Nf3 d5 2. g3 Nf6 3. Bg2 c5 4. d4 cxd4 5. O-O h6 6. Bf4 Nc6 7. Nxd4 Qb6 8. c3
e6 9. Qb3 Bc5 10. Qxb6 Bxb6 11. Nb5 g5 12. Be3 Bxe3 13. Nc7+ Kd7 14. fxe3 Kxc7
15. Rxf6 Ne5 16. Nd2 Kd6 17. e4 Ke7 18. Rff1 dxe4 19. Nxe4 f5 20. Nc5 Rb8 21.
Nd3 Nc4 22. Kf2 Rd8 23. b3 Nd6 24. e4 Nb5 25. Ke3 Nxc3 26. Rac1 Nb5 27. a4 Nd6
28. e5 Nf7 29. Rc7+ Rd7 30. Rfc1 Kd8 31. R7c3 b6 32. Bc6 Rc7 33. b4 Bd7 34. b5
Bxc6 35. Nb4 Nxe5 36. Kd4 Rbc8 37. bxc6 Nf7 38. Na6 Re7 39. c7+ Ke8 40. Rc6 Rd7+
41. Kc3 Ke7 42. Kb3 Ne5 43. R6c3 Rd3 44. Kb4 Rd5 45. R1c2 Nd7 46. Rc6 Ne5 47.
R6c3 Ra5 48. Nb8 Rc5 49. Na6 Nd3+ 50. Ka3 Rxc3+ 51. Rxc3 Nc5 0-1

[Event "61st World Juniors 2024"]
[Site "Gandhinagar IND"]
[Date "2024.06.04"]
[Round "3.34"]
[White "Kanyamarala, Tarun"]
[Black "Jain, Kushagra"]
[Result "1/2-1/2"]
[WhiteTitle "IM"]
[WhiteElo "2333"]
[BlackElo "1996"]
[WhiteFideId "45004714"]
[BlackFideId "66607663"]
[EventDate "2024.06.02"]

1. d4 d5 2. Nf3 Nf6 3. e3 c6 4. c4 e6 5. Nbd2 Nbd7 6. b3 Bd6 7. Bb2 O-O 8. Bd3
b6 9. Qe2 Bb7 10. e4 dxe4 11. Nxe4 Nxe4 12. Qxe4 Nf6 13. Qh4 h6 14. O-O c5 15.
dxc5 Bxc5 16. Rad1 Qe7 17. Nd4 Ne4 18. Qxe7 Bxe7 19. Rfe1 Nc5 20. Bc2 Rfd8 21.
Bc3 Rac8 22. f3 Rd7 23. b4 Rcd8 24. Kf1 Bf6 25. Nb5 Rxd1 26. Rxd1 Rxd1+ 27. Bxd1
Bxc3 28. Nxc3 Nd3 29. a3 Ba6 30. b5 Bb7 31. Na4 Kf8 32. Be2 Nc5 33. Nxc5 bxc5
34. a4 a5 35. f4 Ke7 36. Kf2 Kd6 37. h4 f5 38. g4 Bc8 39. Kg3 Bd7 40. Bf3 Kc7
41. Kf2 Bc8 42. Ke3 Bd7 43. Bd1 Bc8 44. g5 Bd7 45. Bh5 Kb6 46. Bf7 Kc7 47. Kf3
Kb6 48. Ke3 1/2-1/2

[Event "61st World Juniors 2024"]
[Site "Gandhinagar IND"]
[Date "2024.06.04"]
[Round "3.35"]
[White "Saryyev, Azym"]
[Black "Manish Anto, Cristiano F"]
[Result "0-1"]
[BlackTitle "IM"]
[WhiteElo "1999"]
[BlackElo "2307"]
[WhiteFideId "14004801"]
[BlackFideId "25095927"]
[EventDate "2024.06.02"]

1. d4 Nf6 2. c4 e6 3. Nf3 d5 4. Nc3 Be7 5. Bg5 O-O 6. e3 Nbd7 7. cxd5 exd5 8.
Bd3 Re8 9. O-O c6 10. Qc2 h6 11. Bh4 Ne4 12. Bxe7 Qxe7 13. Bxe4 dxe4 14. Nd2 Nf6
15. Rab1 h5 16. h3 Bf5 17. b4 Qd7 18. Kh2 Rac8 19. Qa4 b6 20. Rfd1 g5 21. Ne2 h4
22. b5 Nd5 23. bxc6 Rxc6 24. Rdc1 Rec8 25. Qb5 Rc2 26. Qxd7 Bxd7 27. Rxc2 Rxc2
28. Rd1 Bb5 0-1

[Event "61st World Juniors 2024"]
[Site "Gandhinagar IND"]
[Date "2024.06.04"]
[Round "3.36"]
[White "Kuandykuly, Danis"]
[Black "Adireddy, Arjun"]
[Result "0-1"]
[BlackTitle "FM"]
[WhiteElo "1989"]
[BlackElo "2306"]
[WhiteFideId "13752260"]
[BlackFideId "25647709"]
[EventDate "2024.06.02"]

1. e4 c5 2. Nf3 d6 3. d4 cxd4 4. Nxd4 Nf6 5. Nc3 a6 6. Bg5 Nbd7 7. Bc4 Qb6 8.
Bb3 e6 9. Qd2 Be7 10. O-O-O Nc5 11. f3 Qc7 12. Kb1 Bd7 13. g4 b5 14. a3 Qb7 15.
Qe2 O-O 16. Be3 Rab8 17. g5 Ne8 18. Qd2 Kh8 19. Ba2 a5 20. Nf5 b4 21. Nd5 bxa3
22. b3 Bd8 23. Nxd6 Nxb3 24. cxb3 Nxd6 25. Bc5 Nc4 26. Qd4 Rg8 27. Ne7 Bxe7 28.
Bxe7 Bb5 29. Bf6 Nb2 30. h4 Nxd1 31. h5 Bd3+ 32. Ka1 Qb4 33. Rxd1 Qxd4+ 34. Bxd4
Be2 35. Re1 Rgd8 36. Be5 Rb5 37. f4 Rd1+ 38. Rxd1 Bxd1 39. h6 Kg8 40. hxg7 Bc2
41. Bb1 Bxb1 42. Kxb1 Rxb3+ 43. Ka2 Re3 44. Bf6 Rxe4 45. Be5 Rxe5 0-1

[Event "61st World Juniors 2024"]
[Site "Gandhinagar IND"]
[Date "2024.06.04"]
[Round "3.37"]
[White "Nandish V S"]
[Black "Pozzari, Simone"]
[Result "1-0"]
[BlackTitle "FM"]
[WhiteElo "1981"]
[BlackElo "2276"]
[WhiteFideId "45084297"]
[BlackFideId "2831282"]
[EventDate "2024.06.02"]

1. d4 d5 2. c4 e6 3. Nc3 Nf6 4. cxd5 exd5 5. Bg5 c6 6. Qc2 Be7 7. e3 h6 8. Bh4
O-O 9. Bd3 Re8 10. Nge2 a5 11. O-O Na6 12. a3 Nc7 13. f3 c5 14. b3 Be6 15. dxc5
Bxc5 16. Bf2 Rc8 17. Qb2 Bd7 18. Nd4 Ne6 19. Nce2 Bd6 20. Nf5 Bb8 21. Bh4 Nc5
22. Bb1 Be5 23. Ned4 Qb6 24. f4 Bc7 25. Rf3 Bd8 26. Rg3 Nh5 27. Bxd8 Rcxd8 28.
Rh3 Nxf4 29. Rg3 Nh5 30. Rh3 Bxf5 31. Bxf5 Nf6 32. Rf1 Nce4 33. Bxe4 Nxe4 34.
Nf5 Qg6 35. Rhf3 Rc8 36. Qd4 Rc2 37. Nh4 Qg5 38. Rf4 Nc3 39. Kh1 Ne2 40. Qa4 Rf8
41. Rxf7 Rcc8 42. Qd7 Rfd8 43. Qe6 Rc6 44. Rf8+ Kh7 45. Qg8# 1-0

[Event "61st World Juniors 2024"]
[Site "Gandhinagar IND"]
[Date "2024.06.04"]
[Round "3.38"]
[White "Smirnov, Mark"]
[Black "Jai Sankar Subramanian"]
[Result "1-0"]
[WhiteTitle "CM"]
[WhiteElo "2203"]
[BlackElo "1986"]
[WhiteFideId "13764594"]
[BlackFideId "25931970"]
[EventDate "2024.06.02"]

1. e4 c5 2. Nf3 e6 3. g3 Nc6 4. Bg2 Nf6 5. d3 d5 6. Qe2 Be7 7. O-O O-O 8. e5 Nd7
9. c4 Nb6 10. Nc3 Nd4 11. Nxd4 cxd4 12. Nb1 Bd7 13. b3 Bc6 14. Qg4 Re8 15. Bb2
dxc4 16. dxc4 Bc5 17. Bxc6 bxc6 18. Nd2 Rb8 19. Ne4 Be7 20. Bxd4 Rb7 21. Nf6+
Bxf6 22. exf6 g6 23. Qf4 Kh8 24. Bc5 Rg8 25. Rad1 Rd7 26. Be7 Qe8 27. Qf3 Nc8
28. Bc5 e5 29. Qg4 Nb6 30. Bxb6 Rxd1 31. Rxd1 axb6 32. Rd7 Qc8 33. h3 Qf8 34.
Re7 Qh6 35. Rxf7 Rd8 36. Qe6 Qd2 37. Qe7 Qe1+ 38. Kg2 Qe4+ 39. Kh2 Kg8 40. Rf8+
Rxf8 1-0

[Event "61st World Juniors 2024"]
[Site "Gandhinagar IND"]
[Date "2024.06.04"]
[Round "3.39"]
[White "Gaikwad Manas"]
[Black "Jani, Kushal R"]
[Result "1-0"]
[WhiteElo "1957"]
[BlackElo "2192"]
[WhiteFideId "25912410"]
[BlackFideId "25679988"]
[EventDate "2024.06.02"]

1. e4 c6 2. Nf3 d5 3. Nc3 dxe4 4. Nxe4 Nf6 5. Qe2 Nxe4 6. Qxe4 Nd7 7. Bc4 Nf6 8.
Ne5 e6 9. Qe2 b5 10. Bd3 Bd6 11. a4 b4 12. b3 Bxe5 13. Qxe5 Qd5 14. Qg3 Nh5 15.
Qe3 O-O 16. Bb2 e5 17. O-O-O Re8 18. Bc4 Qd6 19. d4 e4 20. d5 c5 21. Bb5 Bd7 22.
Bxd7 Qxd7 23. Qg5 g6 24. d6 f5 25. g4 fxg4 26. Qxc5 Qf7 27. Rhe1 Ng7 28. d7 Qf4+
29. Kb1 Red8 30. Qd5+ Kf8 31. Rxe4 Qf3 32. Rd3 Qf5 33. Qd6+ Kg8 34. Re7 Nh5 35.
Qd4 Kf8 36. Rxh7 Nf6 37. Qd6+ Kg8 38. Bxf6 Kxh7 39. Qe7+ Kh6 40. Qg7+ Kh5 41.
Qh7# 1-0

[Event "61st World Juniors 2024"]
[Site "Gandhinagar IND"]
[Date "2024.06.04"]
[Round "3.40"]
[White "Md Imran"]
[Black "Mrithyunjay Mahadevan"]
[Result "1/2-1/2"]
[WhiteTitle "FM"]
[BlackTitle "CM"]
[WhiteElo "2180"]
[BlackElo "1867"]
[WhiteFideId "25748580"]
[BlackFideId "45003521"]
[EventDate "2024.06.02"]

1. Nf3 Nf6 2. e3 b6 3. Be2 Bb7 4. O-O e6 5. b3 Be7 6. Bb2 O-O 7. a4 c5 8. a5
bxa5 9. Ne5 Nc6 10. d4 cxd4 11. exd4 d5 12. Nd2 Nd7 13. Ndf3 f6 14. Nxc6 Bxc6
15. Bd3 Re8 16. Re1 Nf8 17. Qd2 Bb4 18. c3 Bd6 19. Ba3 Rb8 20. Bc2 Bxa3 21. Rxa3
a4 22. b4 a5 23. Bxa4 axb4 24. cxb4 Bxa4 25. Rxa4 Qb6 26. Rb1 1/2-1/2

[Event "61st World Juniors 2024"]
[Site "Gandhinagar IND"]
[Date "2024.06.04"]
[Round "3.41"]
[White "Dhami, Dipak"]
[Black "Mnyasta, Charlton"]
[Result "0-1"]
[WhiteElo "1702"]
[BlackElo "2174"]
[WhiteFideId "12325899"]
[BlackFideId "14343371"]
[EventDate "2024.06.02"]

1. d4 Nf6 2. Bf4 e6 3. e3 c5 4. c3 b6 5. Nf3 Be7 6. Bd3 Bb7 7. Nbd2 cxd4 8. exd4
d6 9. h3 a6 10. O-O O-O 11. Qe2 Nbd7 12. Rfe1 Re8 13. Ng5 Bf8 14. Nge4 Nd5 15.
Bh2 h5 16. Ng3 Nf4 17. Qe3 Nxg2 18. Qe2 Nf4 19. Qe3 0-1

[Event "61st World Juniors 2024"]
[Site "Gandhinagar IND"]
[Date "2024.06.04"]
[Round "3.42"]
[White "Kalyani Sirin"]
[Black "Vedant Garg"]
[Result "1-0"]
[WhiteTitle "WFM"]
[WhiteElo "2163"]
[BlackElo "1811"]
[WhiteFideId "33323500"]
[BlackFideId "33422362"]
[EventDate "2024.06.02"]

1. e4 e5 2. Nf3 Nc6 3. Bc4 Nf6 4. d3 h6 5. c3 d6 6. O-O g5 7. Re1 g4 8. Nfd2 h5
9. d4 exd4 10. cxd4 Nxd4 11. Qa4+ Nc6 12. Nc3 Qe7 13. Bb5 Bd7 14. Nc4 Ne5 15.
Nxe5 dxe5 16. Bg5 c6 17. Nd5 cxd5 18. Bxf6 Qxf6 19. Bxd7+ Kd8 20. Rac1 Qd6 21.
Bf5 Ke7 22. exd5 Kf6 23. Qe4 Bh6 24. Rcd1 Rae8 25. h3 Bf4 26. g3 Bg5 27. Kg2
gxh3+ 28. Bxh3 Kg7 29. Rd3 Re7 30. Qf5 f6 31. Qf3 Rc7 32. Rc3 Rxc3 33. bxc3 h4
34. Bf5 hxg3 35. fxg3 Qa3 36. Bb1 Qb2+ 37. Qe2 Qxc3 38. Rf1 Rd8 39. Rd1 Qb4 40.
Qc2 Rh8 41. Qc7+ Kg8 42. Bg6 Qb2+ 43. Kf3 e4+ 44. Kg4 Qe2+ 45. Kf5 Qf2+ 46. Ke6
Qb6+ 47. d6 1-0

[Event "61st World Juniors 2024"]
[Site "Gandhinagar IND"]
[Date "2024.06.04"]
[Round "3.43"]
[White "Sushanth, Kamabathula"]
[Black "Yohan Yadav Tarala"]
[Result "1-0"]
[WhiteElo "2131"]
[BlackElo "1810"]
[WhiteFideId "25712667"]
[BlackFideId "33385300"]
[EventDate "2024.06.02"]

1. e4 c5 2. Nf3 e6 3. d4 cxd4 4. Nxd4 Nc6 5. Nc3 Qc7 6. Be3 a6 7. a3 Nf6 8. Qf3
h5 9. Nxc6 dxc6 10. h3 b5 11. O-O-O e5 12. Rg1 Be6 13. Bg5 Be7 14. g4 hxg4 15.
hxg4 a5 16. Bxf6 gxf6 17. Bd3 b4 18. Nd5 cxd5 19. exd5 Qb7 20. Be4 bxa3 21. b3
Rc8 22. dxe6 Qb4 23. exf7+ Kf8 24. Rh1 Rxh1 25. Qxh1 Rd8 26. Qh6+ Kxf7 27. Qg6+
Kf8 28. Rh1 Qd2+ 29. Kb1 1-0

[Event "61st World Juniors 2024"]
[Site "Gandhinagar IND"]
[Date "2024.06.04"]
[Round "3.45"]
[White "Mrinmoy Rajkhowa"]
[Black "Gharibyan, Mamikon"]
[Result "0-1"]
[BlackTitle "GM"]
[WhiteElo "1942"]
[BlackElo "2492"]
[WhiteFideId "25603426"]
[BlackFideId "13308300"]
[EventDate "2024.06.02"]

1. e4 e5 2. Nf3 Nc6 3. Bc4 Bc5 4. d3 Nf6 5. Bg5 h6 6. Bh4 d6 7. c3 Qe7 8. b4 Bb6
9. a4 a5 10. b5 Nd8 11. O-O g5 12. Bg3 Ne6 13. Re1 Nf4 14. d4 Bg4 15. Na3 h5 16.
h3 Bxf3 17. Qxf3 Ng6 18. Qd1 g4 19. h4 0-1

[Event "61st World Juniors 2024"]
[Site "Gandhinagar IND"]
[Date "2024.06.04"]
[Round "3.46"]
[White "Vaz, Ethan"]
[Black "Kartik Kumar Singh"]
[Result "1-0"]
[WhiteTitle "IM"]
[WhiteElo "2420"]
[BlackElo "2042"]
[WhiteFideId "25940783"]
[BlackFideId "46676465"]
[EventDate "2024.06.02"]

1. e4 c5 2. Nf3 d6 3. d4 cxd4 4. Nxd4 Nf6 5. Nc3 g6 6. Be3 Bg7 7. f3 O-O 8. Qd2
Nc6 9. O-O-O d5 10. exd5 Nxd5 11. Nxc6 bxc6 12. Bd4 e5 13. Bc5 Be6 14. Ne4 Re8
15. h4 h6 16. h5 g5 17. g4 Nf4 18. Qc3 Qc7 19. Bc4 Bd5 20. Rhe1 Rad8 21. a4 Qb8
22. Bf2 Ne6 23. Qb3 Qa8 24. c3 Nf4 25. Kb1 Rb8 26. Qa2 Red8 27. Ka1 Qb7 28. b4
Qe7 29. a5 Qe6 30. Nc5 Qe7 31. Ne4 Qe6 32. Bxd5 cxd5 33. Bxa7 Ra8 34. Be3 dxe4
35. Qxe6 Nxe6 36. Rxd8+ Nxd8 37. fxe4 Nb7 38. Re2 Nd6 39. Bc5 Nc4 40. Kb1 Bf8
41. Bf2 f6 42. Kc2 Nxa5 43. bxa5 Rxa5 44. Kb3 Kf7 45. Ra2 Rb5+ 46. Kc2 Rb8 47.
Ra7+ Ke6 48. Ra6+ Kf7 49. Bb6 Rc8 50. Kb3 Rc6 51. Ra7+ Ke6 52. Ba5 Rc8 53. Ra6+
Kf7 54. Bb4 Bc5 55. Ra5 Be3 56. c4 Rd8 57. c5 Bd2 58. Ra7+ Ke6 59. Ra6+ Kf7 60.
Rd6 Rxd6 61. cxd6 Be3 62. d7 Bb6 63. Kc4 f5 64. exf5 e4 65. Bc5 Bxc5 66. d8=Q 1-0